000 00238nmm a2200085Ia 4500
008 220120s9999||||xx |||||||||||||||||und||
100 _aLinux for you
245 0 _aBodhilinux-2.4.0; free BSD 9.2, VYATTA OS, open filter 2.99,
260 _c2013
999 _c139878
_d139878